Southville International School and Colleges
Your cart is empty.
  • Cart
  • Lists
    Public lists Eva Luna New books Lux_list list_1
    Your lists Log in to create your own lists
  • Log in to your account
  • Your cookies
  • Search history
Southville International School and Colleges
  • Advanced search
  • Recent comments
  • Most popular
  • Libraries

Log in to your account

Log in with GOOGLE


If you do not have an external account, but do have a local account, you can still log in:

  1. Home
  2. MARC view: Mathematics of investment
Normal view MARC view ISBD view

Mathematics of investment (Record no. 1860)

[ view plain ]
MARC details
000 -LEADER
fixed length control field 00525nam a22001937a 4500
003 - CONTROL NUMBER IDENTIFIER
control field OSt
005 - DATE AND TIME OF LATEST TRANSACTION
control field 20140310181718.0
008 - FIXED-LENGTH DATA ELEMENTS--GENERAL INFORMATION
fixed length control field 130218t xxu||||| |||| 00| 0 eng d
020 ## - INTERNATIONAL STANDARD BOOK NUMBER
International Standard Book Number 9789715846202
050 ## - LIBRARY OF CONGRESS CALL NUMBER
Classification number HF 5691
Item number .N318 2007
245 ## - TITLE STATEMENT
Title Mathematics of investment
Statement of responsibility, etc Victoria C. Naval ... [et al.]
260 ## - PUBLICATION, DISTRIBUTION, ETC. (IMPRINT)
Place of publication, distribution, etc Quezon City :
Name of publisher, distributor, etc C&E Pub.,
Date of publication, distribution, etc 2007.
300 ## - PHYSICAL DESCRIPTION
Extent 196 p. :
Other physical details ill. ;
Dimensions 26 cm.
521 ## - TARGET AUDIENCE NOTE
Target audience note
650 ## - SUBJECT ADDED ENTRY--TOPICAL TERM
Topical term or geographic name as entry element Finance.
650 ## - SUBJECT ADDED ENTRY--TOPICAL TERM
Topical term or geographic name as entry element Mathematics of investment
942 ## - ADDED ENTRY ELEMENTS (KOHA)
Source of classification or shelving scheme Library of Congress Classification
Koha item type Books
Call number prefix Local
Holdings
Withdrawn status Lost status Source of classification or shelving scheme Damaged status Home library Current library Shelving location Date acquired Total Checkouts Full call number Barcode Date last seen Copy number Price effective from Koha item type
    Library of Congress Classification   College Library College Library General Circulation Section 02/18/2013   HF 5691 .N318 2007 C10482 05/15/2018 1 02/18/2013 Books

Mathematics of investment

APA

(2007). Mathematics of investment. Quezon City: C&E Pub.

Chicago

2007. Mathematics of investment. Quezon City: C&E Pub.

Harvard

(2007). Mathematics of investment. Quezon City: C&E Pub.

MLA

Mathematics of investment. Quezon City: C&E Pub. 2007.

  • Place hold
  • Print
  • Cite
  • Add to your cart (remove)
  • Save record
    BIBTEX Dublin Core MARCXML MARC (non-Unicode/MARC-8) MARC (Unicode/UTF-8) MARC (Unicode/UTF-8, Standard) MODS (XML) RIS
  • More searches
    Search for this title in:
    Other Libraries (WorldCat) Other Databases (Google Scholar) Online Stores (Bookfinder.com) Open Library (openlibrary.org)

Exporting to Dublin Core...

SOUTHVILLE LIBRARY

Southville International School and Colleges Library

1281 Tropical Ave. Cor. Luxembourg St., BF Homes International, Las Pinas City

Tel. No. 8256374 / 252358 Loc. 117/146

Powered by Koha